Destinos del Aeropuerto Int. Ramón Villeda Morales (San Pedro Sula) - Estadísticas

Estadísticas generales
  • Esta prueba ha sido intentada 4 veces
  • La puntuación promedio es 6 de 18
Estadísticas de respuestas
Aerolíneas Destino % Correcto
Aeroméxico Ciudad de México
100%
American AirlinesFrontier Airlines
Volaris
Miami
67%
Delta AirlinesFrontier Airlines Atlanta
33%
CM AirlinesTAG Airlines Ciudad de Guatemala
33%
Copa Airlines Ciudad de Panamá
33%
Spirit Airlines Fort Lauderdale
33%
Frontier AirlinesSpirit Airlines
United Airlines
Houston
33%
Air Europa Madrid
33%
United Airlines Newark
33%
Spirit Airlines Nueva Orleans
33%
AviancaJetBlue Airways Nueva York
33%
Frontier AirlinesSpirit Airlines Orlando
33%
Avianca San Jose (CR)
33%
Avianca San Salvador
33%
CM Airlines Tegucigalpa (TGU)
33%
Tropic Air Ciudad de Belice
0%
Aerolíneas Sosa La Ceiba
0%
Aerolíneas Sosa CM Airlines Roatán
0%
No se encontraron pruebas coincidentes
Distribución de puntuación
Porcentaje de gente con cada puntuación
Porcentaje por número respondido
Historial de tus puntuaciones
No has intentado esta prueba.